[Event "FIDE Chesscom Grand Swiss 2019"]
[Site "Douglas-Isle of Man"]
[Date "2019.10.13"]
[Round "4.20"]
[White "Gelfand, Boris"]
[Black "Adly, Ahmed"]
[Result "1-0"]
[WhiteElo "2686"]
[BlackElo "2636"]
[Annotator "TA"]
[PlyCount "115"]
[EventDate "2019.10.10"]
[EventType "swiss"]
[EventCountry "GBR"]
[SourceTitle "playchess.com"]
[Source "ChessBase"]
[SourceQuality "1"]

{[%evp 15,115,36,36,30,37,31,28,28,39,41,62,8,13,11,19,9,15,12,19,20,20,0,10,0,20,14,15,20,16,16,20,19,47,32,27,29,43,44,46,20,50,50,45,52,50,37,37,39,51,41,55,62,63,62,97,54,47,47,60,70,83,69,106,103,104,91,89,90,95,81,123,120,104,89,120,90,116,127,170,166,202,162,321,318,367,338,418,414,384,385,752,750,2089,2096,29985,29986,29984,964,4714,938,945,936]} 1. d4 Nf6 2. c4 e6 3. Nf3 d5 4. g3 Be7 5. Bg2 dxc4 6. Qa4+ Bd7 7. Qxc4 Bc6 8. O-O O-O 9. Nc3 {E02: Open Catalan: 5 Qa4+} a6 (9... Nbd7 10. Bg5 Nd5 11. Bxe7 Qxe7 {½-½ (11) Gareyev,T (2658)-Shabalov,A (2553) Los Angeles 2012}) 10. Qd3 Nbd7 11. a3 {White has an edge.} Nd5 $146 ({Predecessor:} 11... b5 12. Be3 Qc8 13. Rac1 {½-½ (13) Soppe,G (2466)-Delgado Ramirez,N (2443) Santa Clara 2000}) 12. Nxd5 Bxd5 13. Rd1 (13. e4 $14 Bc6 14. Qe3) 13... Nf6 $11 14. Bg5 Be4 15. Qe3 {[#] Black must now prevent Bxf6.} Bd5 16. Rac1 a5 17. Qd3 Be4 18. Qe3 {Threatens to win with Bxf6.} Bd5 19. Qd3 Be4 20. Qc4 c6 21. Ne5 {With the idea Bxf6.} Bxg2 22. Kxg2 a4 23. Nd3 h6 24. Bxf6 Bxf6 25. Nc5 Ra7 26. Qc2 Qa5 27. Qe4 Rfa8 28. Rc4 Qd8 29. Qc2 {[%cal Rc4a4]} Qd5+ 30. f3 {[%cal Rc5a4]} b5 31. Rc3 $1 Be7 32. e3 b4 33. axb4 a3 34. e4 Qa2 35. bxa3 Rxa3 36. Rd2 Qxc2 37. Rcxc2 Rb8 38. Rc4 Ra1 39. Nd3 Rb6 40. Rdc2 Rd1 41. Ne5 Bxb4 42. Rxc6 Rb7 43. Rc8+ Kh7 44. Nc6 Ba3 45. Ra8 Bb2 46. Nd8 Rb3 47. Nxf7 {aiming for Rc6.} Bxd4 {intending ...Rg1+.} 48. f4 Rg1+ $2 (48... Rdb1 49. Rd8 Bc3) 49. Kh3 $18 {[#] And now f5 would win.} Rf1 50. Kg4 Kg6 51. Nh8+ Kh7 52. Rc6 h5+ $2 (52... Rb6) 53. Kxh5 {Strongly threatening Ng6.} Rh1 54. Nf7 {[%csl Gf7][%cal Ra8h8]} Rxh2+ 55. Kg4 Bf6 56. Rh8+ (56. Rxe6 $142 Rxg3+ 57. Kxg3 Rh5 58. Rh8+ Kg6 59. Ne5+ Rxe5 60. fxe5 {[%mdl 64] Pin} Kf7 61. exf6) 56... Kg6 57. Ne5+ (57. Rf8 $142 Rxg3+ 58. Kxg3) 57... Bxe5 58. Rxh2 {Accuracy: White = 70%, Black = 56%.} 1-0

[Event "FIDE Chesscom Grand Swiss 2019"]
[Site "Douglas-Isle of Man"]
[Date "2019.10.13"]
[Round "4.21"]
[White "Sjugirov, Sanan"]
[Black "Henderson de La Fuente, Lance"]
[Result "1-0"]
[WhiteElo "2662"]
[BlackElo "2494"]
[Annotator "RC"]
[PlyCount "107"]
[EventDate "2019.10.10"]
[EventType "swiss"]
[EventCountry "GBR"]
[SourceTitle "playchess.com"]
[Source "ChessBase"]
[SourceQuality "1"]
[TimeControl "40/6000+30:20/3000+30:900+30"]

1. d4 {[%emt 0:00:00]} Nf6 {[%emt 0:00:00]} 2. c4 {[%emt 0:00:00]} e6 {[%emt 0:00:00]} 3. Nf3 {[%emt 0:00:19]} b6 {[%emt 0:00:23]} 4. g3 {[%emt 0:00:44]} Bb7 {[%emt 0:00:15]} 5. Bg2 {[%emt 0:00:09]} Be7 {[%emt 0:00:08]} 6. O-O {[%emt 0:00:30]} O-O {[%emt 0:00:19]} 7. Nc3 {[%emt 0:00:32]} Ne4 {[%emt 0:00:36]} 8. Bd2 {[%emt 0:00:09]} Bf6 {[%emt 0:00:18]} 9. Re1 {[%emt 0:08:30]} c5 {[%emt 0:01:58]} 10. d5 {[%emt 0:01:00]} Nxc3 {[%emt 0:02:45]} 11. Bxc3 {[%emt 0:00:56]} Bxc3 {[%emt 0:02:41]} 12. bxc3 {[%emt 0:00:05]} exd5 {[%emt 0:00:47]} 13. cxd5 {[%emt 0:01:24]} d6 {[%emt 0:00:19]} 14. e4 {[%emt 0:01:05]} Nd7 {[%emt 0:00:22]} 15. e5 {[%emt 0:09:22]} dxe5 {[%emt 0:03:02]} 16. Nxe5 {[%emt 0:00:12]} Nxe5 {[%emt 0:00:15]} 17. Rxe5 {[%emt 0:00:05]} Re8 {[%emt 0:00:58]} 18. Qe2 {[%emt 0:03:56]} Rxe5 {[%emt 0:09:39]} 19. Qxe5 {[%emt 0:00:05]} Qd7 {[%emt 0:00:43]} 20. Re1 {[%emt 0:00:50]} h6 {[%emt 0:00:40]} 21. Qe7 {[%emt 0:03:47]} Rd8 {[%emt 0:01:43]} 22. c4 {[%emt 0:01:11]} Ba6 {[%emt 0:05:59]} 23. Qxd7 {[%emt 0:19:16]} Rxd7 {[%emt 0:01:06]} 24. Re8+ {[%emt 0:00:10]} Kh7 {[%emt 0:00:05]} 25. Bh3 {[%emt 0:00:49]} Rd6 {[%emt 0:00:08]} 26. Bf1 {[%emt 0:00:38]} Rd7 {[%emt 0:00:46]} 27. a4 {[%emt 0:03:32]} Kg6 {[%emt 0:00:25]} 28. f4 {[%emt 0:14:26]} Kf6 {[%emt 0:00:20]} 29. g4 {[%emt 0:01:13]} g5 {[%emt 0:05:05]} 30. h4 {[%emt 0:00:20]} gxh4 {[%emt 0:08:03]} 31. Kh2 {[%emt 0:03:01]} Bb7 {[%emt 0:01:31]} 32. Kh3 {[%emt 0:04:37]} Bxd5 {[%emt 0:03:50]} 33. cxd5 {[%emt 0:00:37]} Rxd5 {[%emt 0:00:05]} 34. Re4 {[%emt 0:16:12]} Rd1 {[%emt 0:00:58]} 35. Bc4 {[%emt 0:01:52]} Rh1+ {[%emt 0:00:23]} 36. Kg2 {[%emt 0:00:05]} Ra1 {[%emt 0:01:25]} 37. Re5 {[%emt 0:07:36]} Kg6 {[%emt 0:06:42]} 38. Bb5 {[%emt 0:01:41]} Ra3 {[%emt 0:00:42]} 39. Kh2 {[%emt 0:07:01]} Rg3 {[%emt 0:07:08]} 40. Be2 {[%emt 0:01:24]} Ra3 {[%emt 0:00:34]} 41. Bb5 {[%emt 0:50:08]} Rg3 {[%emt 0:50:13]} 42. Bd7 {[%emt 0:00:00]} Rf3 {[%emt 0:00:00]} 43. Rf5 {[%emt 0:00:00]} f6 {[%emt 0:00:00]} 44. Be8+ {[%emt 0:00:00]} Kg7 {[%emt 0:00:00]} 45. Bc6 {[%emt 0:00:00]} Rg3 {[%emt 0:00:00]} 46. Rd5 {[%emt 0:00:00]} Rxg4 {[%emt 0:00:00]} 47. f5 {[%emt 0:00:00]} c4 {[%emt 0:00:00]} 48. Rd7+ {[%emt 0:00:00]} Kf8 {[%emt 0:00:00]} 49. Rxa7 {[%emt 0:00:00]} Rf4 {[%emt 0:00:41]} 50. Bb5 {[%emt 0:00:00]} Rxf5 {[%emt 0:01:43]} 51. Bxc4 {[%emt 0:00:00]} Rc5 {[%emt 0:09:24]} 52. Bb5 {[%emt 0:00:00]} Rd5 {[%emt 0:00:13]} 53. Kh3 {[%emt 0:00:00]} Rd6 {[%emt 0:00:24]} 54. Kxh4 {[%emt 0:00:00]} 1-0

[Event "FIDE Chesscom Grand Swiss 2019"]
[Site "Douglas-Isle of Man"]
[Date "2019.10.13"]
[Round "4.21"]
[White "Lenderman, Aleksandr"]
[Black "Kamsky, Gata"]
[Result "1-0"]
[WhiteElo "2648"]
[BlackElo "2685"]
[Annotator "TA"]
[PlyCount "113"]
[EventDate "2019.10.10"]
[EventType "swiss"]
[EventCountry "GBR"]
[SourceTitle "playchess.com"]
[Source "ChessBase"]
[SourceQuality "1"]

{[%evp 20,113,25,23,18,22,33,13,29,28,46,26,38,43,58,61,58,61,70,61,85,68,123,118,116,121,119,126,101,125,116,116,168,170,177,181,176,164,187,183,159,170,189,160,164,155,175,156,198,196,195,184,298,304,287,283,270,303,380,380,436,439,389,343,463,489,531,508,664,678,737,715,783,754,741,765,732,719,734,623,850,822,791,779,981,989,5013,3920,12841,12841,12841,12839,12839,12839,5930,2529]} 1. d4 f5 2. g3 Nf6 3. Bg2 d6 4. Nf3 g6 5. O-O Bg7 6. c4 O-O 7. Nc3 c6 8. d5 e5 9. dxe6 Bxe6 10. b3 Na6 11. Ng5 Bc8 {A88: Dutch Defence: Leningrad System: 5 Nf3 0-0 6 0-0 d6 7 Nc3 c6} 12. Bb2 h6 13. Nf3 Be6 {The position is equal.} 14. e3 (14. Nd4 Bf7 15. Qc2 Nc5 16. Rad1 Qb6 17. e3 a5 18. Nde2 Rfd8 19. Ba3 Qc7 20. Bxc5 dxc5 21. Rxd8+ Rxd8 22. Rd1 Rd6 23. h3 Qd8 24. Rxd6 Qxd6 25. Kf1 {½-½ (25) Donchenko,A (2631)-Kamsky,G (2685) Barcelona 2019}) 14... Nc5 $146 ({Predecessor:} 14... d5 15. cxd5 Nxd5 16. Nd4 Nxc3 17. Bxc3 Bd5 18. Bxd5+ Qxd5 19. Qc2 Rfd8 20. Rfd1 Nc5 21. Nb5 {0-1 (60) Klein,R-Vehre,J USA 1978}) 15. Qc2 a5 16. Ne2 Bf7 17. Rad1 Qe7 18. Nf4 Nfe4 19. Bd4 Ne6 20. Nxe6 Qxe6 ({Better is} 20... Bxe6 $14 21. Nh4 Bf7) 21. Bxg7 $1 $16 Kxg7 22. Nd4 Qe5 23. f4 Qe7 {[#]} 24. g4 $1 {[%mdl 512]} c5 (24... fxg4 25. Bxe4) 25. Nb5 Nf6 (25... Rad8 $16) 26. gxf5 Rad8 27. e4 {Hoping for e5!} gxf5 28. exf5 {aiming for Rfe1.} Rfe8 29. Qc3 Qe3+ 30. Qxe3 Rxe3 31. Rxd6 Rxd6 32. Nxd6 b6 33. Bf3 Rd3 {[#]} 34. Nc8 $1 a4 35. bxa4 Ra3 (35... Bxc4 $142 36. Nxb6 Bf7) 36. Nxb6 $18 Rxa2 37. Rd1 Ra3 38. Bc6 Bh5 39. Re1 Bg4 40. Re7+ Kf8 41. Re5 Ra1+ 42. Kf2 {White is clearly winning.} Ra2+ 43. Ke3 Rxh2 44. Rxc5 h5 45. a5 Ra2 46. Ba4 Re2+ 47. Kd3 Re7 48. Bc6 Ra7 49. Bh1 Kg7 50. Kc3 h4 51. Nc8 Ra6 52. Rc7+ Kf8 53. Rc6 Rxc6 54. Bxc6 Bxf5 55. Nd6 Bd7 56. Bh1 Ke7 57. a6 {Accuracy: White = 94%, Black = 41%.} 1-0

[Event "FIDE Chesscom Grand Swiss 2019"]
[Site "Douglas-Isle of Man"]
[Date "2019.10.13"]
[Round "4.22"]
[White "Hovhannisyan, Robert"]
[Black "Korobov, Anton"]
[Result "1/2-1/2"]
[WhiteElo "2639"]
[BlackElo "2679"]
[Annotator "TA"]
[PlyCount "89"]
[EventDate "2019.10.10"]
[EventType "swiss"]
[EventCountry "GBR"]
[SourceTitle "playchess.com"]
[Source "ChessBase"]
[SourceQuality "1"]

{[%evp 19,89,42,54,58,98,41,102,20,19,14,35,8,6,0,-17,-27,-24,-11,-11,-63,-8,-15,-22,-19,-24,-10,-15,-58,0,0,0,-52,-43,-64,-77,-79,-40,-58,0,-60,-72,-109,-118,-97,-109,-130,-141,-128,-7,-27,-20,-93,-23,-115,-116,-116,-120,-131,-8,-59,0,0,0,0,0,2,5,9,8,0,0,0]} 1. e4 c5 2. Nf3 d6 3. d4 cxd4 4. Nxd4 Nf6 5. Nc3 a6 6. Be2 e5 7. Nb3 Be7 8. Be3 O-O 9. g4 Be6 10. g5 Nfd7 11. h4 {B92: Sicilian Najdorf: 6 Be2} (11. Qd2 Nb6 12. Nd5 Nxd5 13. exd5 Bf5 14. f4 Nd7 15. fxe5 Nxe5 16. Rf1 Be4 17. Rf4 Bg6 18. h4 Rc8 19. Nd4 {1-0 (64) Karjakin,S (2773)-Duda,J (2737) chess.com INT 2018}) 11... b5 12. Bg4 (12. f4 $16) 12... Re8 $146 (12... Nc5 $14) ({Predecessor:} 12... Bxg4 13. Qxg4 Nb6 14. Bxb6 Qxb6 15. Nd5 Qd8 16. O-O-O a5 17. Rh3 Nd7 18. Rc3 a4 {1-0 (38) Saveliev,A (2365)-Semenenko,S (2157) St Petersburg 2018}) 13. g6 ({White should try} 13. Rg1 $16) 13... Nf6 $1 $11 14. gxh7+ Kh8 15. Bxe6 fxe6 16. Qf3 b4 17. Na4 Nbd7 18. h5 Qc7 {aiming for ...Qc6.} 19. Qg2 Qxc2 (19... Bf8 $15 20. Nd2 Qxc2) 20. h6 $1 {[%csl Gg2][%cal Rh6g7] [#]} Bf8 $1 21. Rc1 Qxe4 22. Qxe4 Nxe4 23. Rc4 d5 (23... Nef6 $15 24. hxg7+ Bxg7 25. Rxb4 Rab8 26. Rxb8 Rxb8) 24. hxg7+ Bxg7 25. Rxb4 (25. Rc7 $11 Rad8 26. f3) 25... Rab8 26. Rxb8 Rxb8 27. f3 Ng3 28. Rh2 e4 (28... Rc8 $15 29. Bf2 Nf5) 29. fxe4 (29. Rh3 $11 Nf5 30. fxe4 dxe4 31. Nd2) 29... Nxe4 $15 30. Rc2 Rb4 $36 {[%mdl 2048] White is under strong pressure.} 31. Rc7 Rxa4 32. Rxd7 Bxb2 33. Re7 d4 (33... e5 $17 34. Bh6 Rxa2 35. Bg7+ Kxh7 36. Bxe5+ Kg6) 34. Bg1 Ng5 {Hoping for ...e5.} 35. Bf2 (35. Ke2 $11) 35... e5 (35... d3 $17 36. Rd7 Rxa2 37. Rxd3 Kxh7) 36. Kd1 (36. Kf1 $11 {keeps the balance.}) 36... Ne4 $17 ({Don't take} 36... Rxa2 37. Rxe5 Bc3 38. Bxd4 $15) 37. Be1 d3 38. Rd7 {[#]} Rxa2 (38... Bd4 $1 $17 39. Nxd4 Rxd4 40. Rxd4 exd4) 39. Rxd3 $11 Kxh7 (39... Ra4 $15 40. Rd8+ Kxh7) 40. Rh3+ {The position is equal.} Kg6 {Strongly threatening ...Ba3.} 41. Rh2 Kf5 42. Nc1 Bxc1 43. Rxa2 Bf4 44. Rxa6 Ng3 45. Bxg3 {Accuracy: White = 38%, Black = 41%.} 1/2-1/2

[Event "FIDE Chesscom Grand Swiss 2019"]
[Site "Douglas-Isle of Man"]
[Date "2019.10.13"]
[Round "4.22"]
[White "Kashlinskaya, Alina"]
[Black "Nabaty, Tamir"]
[Result "0-1"]
[WhiteElo "2481"]
[BlackElo "2658"]
[Annotator "TA"]
[PlyCount "114"]
[EventDate "2019.10.10"]
[EventType "swiss"]
[EventCountry "GBR"]
[SourceTitle "playchess.com"]
[Source "ChessBase"]
[SourceQuality "1"]

{[%evp 9,114,64,75,61,64,54,51,45,74,73,60,52,67,28,19,37,60,67,82,35,35,35,35,31,50,42,70,61,141,102,101,72,103,20,20,33,14,-44,-44,-44,-52,-36,-41,-41,-37,-67,0,0,0,0,206,0,193,-90,-87,-92,-75,-91,-91,-239,-234,-230,-230,-246,-162,-210,-202,-195,-170,-181,-155,-157,-158,-133,-133,-154,-93,-12829,-156,-12829,-12831,-12834,-12835,-12835,-12835,-12836,-12836,-12840,-12840,-12841,-12842,-12843,-12843,-12845,-12845,-12845,-12844,-12845,-12845,-12845,-12846,-12847,-12845,-12849,-12849,-12851,0]} 1. d4 g6 2. e4 Bg7 3. Nf3 e6 4. Nc3 Ne7 5. h4 h6 6. Be3 {B06: Modern Defence} d5 7. Qd2 (7. Bd3 dxe4 8. Bxe4 Nbc6 9. Qe2 a6 10. O-O-O Qd6 11. Ne5 Nxe5 12. dxe5 Qxe5 {1-0 (34) Pedersen,N (2378)-Fries Nielsen,J (2415) Aarhus 2016}) 7... dxe4 $146 ({Predecessor:} 7... Nd7 8. O-O-O dxe4 9. Nxe4 b6 10. Bd3 Bb7 11. Kb1 Nd5 12. Bf4 {1-0 (26) Hicdoenmez,H-Maidana Guerra,V LSS email 2007}) 8. Nxe4 {White is slightly better.} b6 9. O-O-O Bb7 10. Bb5+ Nbc6 11. Kb1 a6 12. Bd3 Nf5 {[%cal Rc6d4]} 13. c3 Nxe3 14. Qxe3 Qe7 15. Rhe1 O-O-O 16. Qe2 Nb8 17. Ng3 h5 18. Ne4 c5 (18... a5 $14) 19. Neg5 Rd7 20. dxc5 Qxc5 21. Nxf7 (21. Bc4 $16) 21... Rxf7 $11 22. Qxe6+ Rd7 23. Bxg6 (23. Qxg6 $11 Rh6 24. Qg3) 23... Bd5 $15 24. Qh3 {Hoping for Bf5.} Kb7 25. Bf5 Rdd8 26. Ng5 Nc6 27. Be6 Qxf2 ({Black should play} 27... Rhe8 $1 $15 28. Bxd5 Qxd5) 28. Bxd5 $11 Rxd5 29. Ne4 Rxd1+ $1 30. Rxd1 {[#]} Qf4 $2 {[#]} (30... Qe2 $1 $11 31. Qd7+ {[%mdl 64] Double Attack} Kb8 32. Qd6+ Kb7 33. Qd7+ Kb8 34. Qd6+ Kb7 35. Qd7+) 31. Rd7+ $2 (31. Nd6+ $1 $18 Kc7 {[#]} 32. Ne8+ $1 {[%mdl 576] Double Attack} Kb8 33. Nxg7) 31... Kb8 $17 32. Qe6 Rc8 {Threatens to win with ...Qf1+.} ({But not} 32... Qf1+ $6 33. Kc2 $11) 33. a3 {Black must now prevent Nd6.} Be5 34. Qd5 (34. Nd6 $17 {is a better defense.} Bxd6 35. Qxd6+ Qxd6 36. Rxd6) 34... Rc7 $19 ({Much less strong is} 34... Qxh4 35. Rh7) 35. Rxc7 Kxc7 36. Ng5 {Ne6+ is the strong threat.} Nd8 37. Ka2 Bd6 38. Ne4 Qf7 39. Qxf7+ Nxf7 40. Nf6 Be5 41. Nxh5 Nh6 42. g3 Nf5 43. a4 $2 {[%mdl 8192]} (43. Kb3 $17) 43... Kd6 $2 (43... Nxg3 $19 {and Black stays clearly on top.} 44. Nxg3 Bxg3) 44. Kb3 $2 (44. g4 $17 Nxh4 45. g5) 44... Nxg3 {Black is clearly winning.} 45. Nxg3 Bxg3 {[%mdl 4096] Endgame KB-KP} 46. h5 Bf4 47. Kc4 Bc1 48. b4 Kc6 49. Kd4 Bh6 50. Kc4 b5+ {[%cal Bb6b5,Bb5c4][%mdl 32]} 51. Kd4 Bg7+ 52. Kd3 Kd5 53. c4+ bxc4+ 54. Kc2 Kd4 55. Kd2 Bf8 56. b5 axb5 57. axb5 Ke5 $2 {[%mdl 32768] Accuracy: White = 32%, Black = 69%. . Sensor Board Error (Ke4/e5)?} (57... Kc5 $19 58. b6 Kxb6 59. Ke3 Kc5 60. Kd2 Kb4 61. Kd1 c3 62. Ke1 c2 63. Kd2 Kb3 64. Ke2 Bh6 65. Kf1 c1=Q+ 66. Kf2 Qe3+ 67. Kg2 Qf4 68. Kg1 Qg3+ 69. Kf1 Kc2 70. Ke2 Qg2+ 71. Ke1 Bd2#) 0-1

[Event "FIDE Chesscom Grand Swiss 2019"]
[Site "Douglas-Isle of Man"]
[Date "2019.10.13"]
[Round "4.23"]
[White "Kuzubov, Yuriy"]
[Black "Sasikiran, Krishnan"]
[Result "1/2-1/2"]
[WhiteElo "2636"]
[BlackElo "2675"]
[Annotator "TA"]
[PlyCount "70"]
[EventDate "2019.10.10"]
[EventType "swiss"]
[EventCountry "GBR"]
[SourceTitle "playchess.com"]
[Source "ChessBase"]
[SourceQuality "1"]

{[%evp 11,70,26,23,23,23,21,21,21,24,12,22,30,31,18,19,17,18,12,8,8,16,0,14,17,20,22,20,20,46,46,58,4,8,0,0,-10,7,0,0,-4,6,0,0,0,0,0,8,8,8,3,6,4,7,0,0,0,0,0,6,0,0]} 1. d4 d5 2. c4 c6 3. e3 Nf6 4. Nc3 Bf5 5. Nf3 e6 6. Nh4 Bg6 7. Qb3 {D12: Slav Defence: 3 Nf3 Nf6 4 e3 Bf5} Qc7 8. Nxg6 hxg6 9. g3 Be7 10. Bg2 Nbd7 {[%cal Bb8d7,Bd7b6,Bb6c4][%mdl 32]} 11. O-O O-O 12. cxd5 cxd5 13. Bd2 Nb6 {[#]} 14. Rfd1 $146 ({Predecessor:} 14. Rfc1 Qd7 {½-½ (58) Cheparinov,I (2689)-Artemiev,V (2653) Doha 2016}) 14... Rfc8 15. Be1 Qd7 16. Rac1 Nc4 17. e4 Na5 18. Qb5 Qxb5 19. Nxb5 Nc4 20. exd5 Nxd5 21. Rc2 (21. Bxd5 $14 exd5 22. b3) 21... Ncb6 $11 {The position is equal.} 22. Nc3 Bf6 23. Re2 Rc6 24. h4 Rd8 25. a4 Nxc3 26. bxc3 Nd5 27. Bxd5 Rxd5 28. Rb1 Rd7 29. f4 Bd8 30. Reb2 b6 31. Kf2 f6 32. Kf3 Bc7 33. Rd1 Kf7 34. Ke3 Bd6 35. Rb5 Bc7 {Accuracy: White = 53%, Black = 66%.} 1/2-1/2

[Event "FIDE Chesscom Grand Swiss 2019"]
[Site "Douglas-Isle of Man"]
[Date "2019.10.13"]
[Round "4.23"]
[White "Stefanova, Antoaneta"]
[Black "Zhang, Zhong"]
[Result "0-1"]
[WhiteElo "2479"]
[BlackElo "2636"]
[Annotator "RC"]
[PlyCount "112"]
[EventDate "2019.10.10"]
[EventType "swiss"]
[EventCountry "GBR"]
[SourceTitle "playchess.com"]
[Source "ChessBase"]
[SourceQuality "1"]
[TimeControl "40/6000+30:20/3000+30:900+30"]

1. d4 {[%emt 0:00:00]} d5 {[%emt 0:00:00]} 2. Nf3 {[%emt 0:00:57]} Nf6 {[%emt 0:00:29]} 3. e3 {[%emt 0:00:26]} c5 {[%emt 0:00:53]} 4. Nbd2 {[%emt 0:03:54]} cxd4 {[%emt 0:02:01]} 5. exd4 {[%emt 0:00:04]} Nc6 {[%emt 0:00:09]} 6. c3 {[%emt 0:05:24]} Qc7 {[%emt 0:00:50]} 7. Bd3 {[%emt 0:01:22]} Bg4 {[%emt 0:00:22]} 8. Nf1 {[%emt 0:15:02]} e6 {[%emt 0:07:23]} 9. Bg5 {[%emt 0:01:08]} Ne4 {[%emt 0:06:38]} 10. Be3 {[%emt 0:00:13]} f5 {[%emt 0:03:08]} 11. h3 {[%emt 0:03:44]} Bh5 {[%emt 0:04:22]} 12. g4 {[%emt 0:03:45]} Bf7 {[%emt 0:04:20]} 13. Ne5 {[%emt 0:06:03]} Bd6 {[%emt 0:08:58]} 14. f4 {[%emt 0:34:26]} O-O {[%emt 0:09:50]} 15. h4 {[%emt 0:04:51]} Na5 {[%emt 0:27:39]} 16. Nd2 {[%emt 0:05:46]} b5 {[%emt 0:04:14]} 17. Rc1 {[%emt 0:02:46]} Nc4 {[%emt 0:03:32]} 18. Bxc4 {[%emt 0:01:56]} bxc4 {[%emt 0:00:39]} 19. Nxe4 {[%emt 0:01:55]} dxe4 {[%emt 0:04:02]} 20. Rc2 {[%emt 0:00:25]} Rad8 {[%emt 0:00:48]} 21. O-O {[%emt 0:01:21]} Be8 {[%emt 0:01:29]} 22. Rg2 {[%emt 0:02:02]} Bc6 {[%emt 0:02:38]} 23. gxf5 {[%emt 0:07:50]} Rxf5 {[%emt 0:02:55]} 24. Kh2 {[%emt 0:01:30]} Bxe5 {[%emt 0:01:23]} 25. fxe5 {[%emt 0:00:07]} Rf3 {[%emt 0:00:20]} 26. Bh6 {[%emt 0:02:17]} g6 {[%emt 0:02:34]} 27. h5 {[%emt 0:00:52]} Qf7 {[%emt 0:00:57]} 28. hxg6 {[%emt 0:02:34]} hxg6 {[%emt 0:01:57]} 29. Rfg1 {[%emt 0:00:23]} Kh7 {[%emt 0:01:19]} 30. Qe1 {[%emt 0:00:57]} Rf5 {[%emt 0:08:03]} 31. Qh4 {[%emt 0:00:50]} Rh5 {[%emt 0:00:39]} 32. Qxh5 {[%emt 0:00:09]} gxh5 {[%emt 0:00:02]} 33. Rg7+ {[%emt 0:00:04]} Qxg7 {[%emt 0:00:02]} 34. Bxg7 {[%emt 0:00:04]} Rg8 {[%emt 0:01:00]} 35. Bf6 {[%emt 0:00:04]} Rxg1 {[%emt 0:00:08]} 36. Kxg1 {[%emt 0:00:01]} Kg6 {[%emt 0:00:16]} 37. b3 {[%emt 0:01:45]} Bd5 {[%emt 0:01:30]} 38. bxc4 {[%emt 0:01:25]} Bxc4 {[%emt 0:00:05]} 39. a4 {[%emt 0:00:22]} Kf5 {[%emt 0:00:35]} 40. a5 {[%emt 0:00:40]} a6 {[%emt 0:00:35]} 41. Bh4 {[%emt 0:10:26]} Kg4 {[%emt 0:02:09]} 42. Be1 {[%emt 0:02:34]} Kf3 {[%emt 0:00:30]} 43. Bh4 {[%emt 0:00:23]} Ke2 {[%emt 0:10:11]} 44. Kg2 {[%emt 0:00:57]} e3 {[%emt 0:02:19]} 45. Bg5 {[%emt 0:00:53]} Bd5+ {[%emt 0:00:15]} 46. Kg1 {[%emt 0:02:29]} h4 {[%emt 0:04:39]} 47. Kh2 {[%emt 0:01:10]} Kf2 {[%emt 0:09:01]} 48. Bxh4+ {[%emt 0:01:03]} Kf1 {[%emt 0:00:05]} 49. Kg3 {[%emt 0:00:14]} e2 {[%emt 0:00:02]} 50. Kf4 {[%emt 0:00:07]} e1=Q {[%emt 0:00:07]} 51. Bxe1 {[%emt 0:00:02]} Kxe1 {[%emt 0:00:05]} 52. Ke3 {[%emt 0:00:13]} Bc4 {[%emt 0:00:12]} 53. d5 {[%emt 0:00:09]} Bxd5 {[%emt 0:00:06]} 54. Kd4 {[%emt 0:00:28]} Kd2 {[%emt 0:00:12]} 55. c4 {[%emt 0:00:06]} Bf3 {[%emt 0:00:14]} 56. Kc5 {[%emt 0:00:19]} Be2 {[%emt 0:00:08]} 0-1

[Event "FIDE Chesscom Grand Swiss 2019"]
[Site "Douglas-Isle of Man"]
[Date "2019.10.13"]
[Round "4.24"]
[White "Mareco, Sandro"]
[Black "Anton Guijarro, David"]
[Result "0-1"]
[WhiteElo "2634"]
[BlackElo "2674"]
[Annotator "TA"]
[PlyCount "60"]
[EventDate "2019.10.10"]
[EventType "swiss"]
[EventCountry "GBR"]
[SourceTitle "playchess.com"]
[Source "ChessBase"]
[SourceQuality "1"]

{[%evp 20,60,12,18,21,12,26,16,30,8,22,-8,-11,-43,-52,-47,-56,-58,-58,-60,-44,-38,0,0,0,0,0,-8,-12,-91,-80,-71,-69,-784,-780,-1429,-1456,-1286,-1292,-29987,-29988,-29988,-29989]} 1. c4 e5 2. Nc3 Nc6 3. g3 g6 4. Bg2 Bg7 5. d3 d6 6. Nf3 f5 7. Rb1 a5 8. O-O Nf6 9. a3 {[%cal Ba2a3,Ba3b4,Bb4b5,Bb5b6][%mdl 32]} O-O 10. b4 axb4 11. axb4 Qe8 {A26: English Opening vs King's Indian with ...Nc6 and d3} (11... h6 12. b5 Ne7 13. Qb3 Be6 14. Nd2 c6 15. Ba3 Rf7 16. bxc6 bxc6 17. Qb4 d5 18. Qd6 Qxd6 19. Bxd6 e4 20. cxd5 Nfxd5 21. Nxd5 Nxd5 22. dxe4 {½-½ (47) Nakamura,H (2793)-Svidler,P (2747) Zuerich 2017}) 12. b5 Nd8 {[%cal Bc6d8,Bd8e6,Be6c5][%mdl 32]} 13. Bb2 Ne6 {[#] The position is equal.} 14. Ra1 $146 ({Predecessor:} 14. e3 g5 15. Nd5 g4 16. Nh4 Nxd5 17. cxd5 Ng5 18. Qc2 Rf7 19. f4 gxf3 20. Nxf3 {1-0 (40) Hickl,J (2540)-Acharya,C (2285) Kolkata 1993}) 14... Rb8 15. b6 c6 16. Nd2 Nd7 17. Ba3 Qe7 18. Qb3 Nec5 19. Qb4 g5 20. Nb3 Nxb3 21. Qxb3 {[#] Hoping for Bxd6!} Nc5 22. Bxc5 dxc5 23. Ra7 e4 24. Na4 (24. e3 $11) 24... e3 {Strongly threatening ...exf2+.} 25. f4 gxf4 26. Bxc6 $2 {[%mdl 8192]} (26. gxf4 $15 Qh4 27. Qd1 (27. Nxc5 Rf6 $11)) 26... fxg3 $19 27. Bd5+ Kh8 28. hxg3 {[#]} f4 $1 {[%mdl 512]} 29. Nc3 (29. Rxf4 Rxf4) 29... fxg3 30. Rxf8+ Bxf8 {Accuracy: White = 31%, Black = 86%.} 0-1